| 000 | 00700nam a2200241 i 4500 | ||
|---|---|---|---|
| 001 | bg | ||
| 100 | 1 | _aTurton, Nigel D. | |
| 245 | 0 |
_aLongman dictionary of common errors / _cN. D. Turton and J. B. Heaton. |
|
| 250 | _a2nd ed., 11th impr. | ||
| 260 |
_aHarlow, England : _bPearson Education : _bLongman, _c2003. |
||
| 300 |
_aVII, 375 s. : _brys. _c22 cm |
||
| 650 | 9 | _aJęzyk angielski | |
| 655 | _aSłowniki | ||
| 700 | 1 | _aHeaton, John Brian. | |
| 020 | _a0582237521 | ||
| 040 | _cBPK | ||
| 041 | 0 | _aeng | |
| 044 | _aGBR | ||
| 080 | _a811.111'374 | ||
| 942 | _cKS | ||
| 008 | s pl f |000 0 pol | ||
| 999 |
_c54445 _d54445 |
||